[Event "4th Pichay Cup"]
[Site "Manila PHI"]
[Date "2008.09.16"]
[Round "4"]
[White "Yu Lie"]
[Black "Nolte,R"]
[Result "0-1"]
[WhiteElo "2377"]
[BlackElo "2522"]

1.e4 c5 2.Nf3 d6 3.d4 cxd4 4.Nxd4 Nf6 5.Nc3 a6 6.Be3 e6 7.Qd2 b5 8.f3 Bb7
9.g4 Nc6 10.O-O-O Be7 11.g5 Nd7 12.h4 Rc8 13.Kb1 Nce5 14.Bd3 Nb6 15.Qe1 Nbc4
16.Bc1 Qb6 17.Bxc4 Rxc4 18.Be3 Qc7 19.Rf1 O-O 20.h5 Rc8 21.Nce2 Rxc2 22.Nxc2 Qxc2+
23.Ka1 Nc4 24.Bc1 Bxg5 25.Nd4 Qh2 26.Rh1 Qe5 27.Bxg5 Qxg5 28.Qf2 Qf6 29.b3 Na3
30.Qb2 b4 31.Rc1 Rc5 32.h6 gxh6 33.Rhg1+ Kf8 34.Nc2 Nxc2+ 35.Rxc2 Rc3 36.a3 Rxf3
37.axb4 Qxb2+ 38.Kxb2 Bxe4 39.Rh2 Bd5 40.Ra1 Rxb3+ 41.Kc2 Rxb4 42.Rxa6 Ke7
43.Rxh6 Be4+ 44.Kc3 Rb7 45.Kd4 Bg6 46.Rh2 Rb4+ 47.Kc3 Rf4 48.Kd2 d5 49.Ke3 Re4+
50.Kf3 Kf6 51.Rha2 Ke5 52.R2a3 h5 53.Re3 Rxe3+ 54.Kxe3 d4+ 55.Kf3 Be4+ 56.Ke2 h4
57.Kf2 Kf4 58.Ra7 Bg6 59.Ra1 h3  0-1

[Event "4th Pichay Cup"]
[Site "Manila PHI"]
[Date "2008.09.17"]
[Round "6"]
[White "Nolte,R"]
[Black "Xiu Deshun"]
[Result "1/2-1/2"]
[WhiteElo "2522"]
[BlackElo "2410"]

1.e4 c5 2.Nf3 d6 3.d4 cxd4 4.Nxd4 Nf6 5.Nc3 a6 6.Be3 e5 7.Nb3 Be7 8.f3 Be6
9.Qd2 O-O 10.O-O-O Nbd7 11.g4 b5 12.g5 b4 13.Ne2 Ne8 14.f4 a5 15.f5 Bxb3
16.cxb3 a4 17.bxa4 Rxa4 18.Kb1 Qa8 19.Qd5 Rxa2 20.Qxa8 Rxa8 21.Ng3 Kh8 22.f6 gxf6
23.Nf5 Bd8 24.Bb5 Nb6 25.gxf6 Nxf6 26.Rhg1 Ng8  1/2-1/2

[Event "4th Open"]
[Site "Bjelovar CRO"]
[Date "2008.09.18"]
[Round "1"]
[White "Nagy,Z1"]
[Black "Videkovic,M"]
[Result "0-1"]
[WhiteElo "2306"]
[BlackElo "1952"]

1.e4 c5 2.Nf3 d6 3.d4 cxd4 4.Nxd4 Nf6 5.Nc3 a6 6.Be3 e6 7.f4 Qc7 8.Qf3 Nc6
9.O-O-O e5 10.Nxc6 Qxc6 11.f5 h6 12.g4 b5 13.a3 Bb7 14.Bd3 Rc8 15.h4 Nd7
16.g5 h5 17.Kb1 Nc5 18.Rc1 Qd7 19.b4 Nxd3 20.cxd3 a5 21.Nd5 Bxd5 22.exd5 axb4
23.axb4 Be7 24.Rxc8+ Qxc8 25.Rc1 Qa8 26.Kb2 f6 27.Rc6 Qa4 28.Rc8+ Bd8 29.Bd2 Kd7
30.Rc1 Bb6 31.Bc3 Ra8 32.Rb1 Qa3+ 33.Kc2 Rc8 34.Rb3 Qa2+ 35.Rb2 Rxc3+  0-1

[Event "EYb12"]
[Site "Herceg Novi MNE"]
[Date "2008.09.18"]
[Round "4"]
[White "Monev,A"]
[Black "Menezes,C"]
[Result "1-0"]
[WhiteElo "2087"]
[BlackElo "1750"]

1.e4 c5 2.Nf3 d6 3.d4 cxd4 4.Nxd4 Nf6 5.Nc3 a6 6.Be3 e5 7.Nf3 h6 8.Bc4 Be7
9.O-O O-O 10.h3 Nc6 11.a4 Qc7 12.Qe2 Bd7 13.Rfd1 Rac8 14.Bd5 Nb4 15.Bb3 Nc6
16.Nh4 Kh7 17.Nf3 Na5 18.Nd2 Nxb3 19.cxb3 Be6 20.Qd3 g6 21.a5 Qc6 22.Ra4 d5
23.exd5 Nxd5 24.Nc4 Nxe3 25.Qxe3 Bxc4 26.Rxc4 Qe6 27.Qe4 Rxc4 28.bxc4 Bb4
29.Qxb7 Bxa5 30.c5 Qc8 31.c6 Bxc3 32.bxc3 Kg7 33.Rd7 Qxb7 34.cxb7 Rb8 35.c4 Kf6
36.c5 Ke6 37.c6 a5 38.Rd1 a4 39.c7  1-0

[Event "4th Open"]
[Site "Bjelovar CRO"]
[Date "2008.09.19"]
[Round "3"]
[White "Loncar,R"]
[Black "Florjan,M"]
[Result "1-0"]
[WhiteElo "2446"]
[BlackElo "2023"]

1.e4 c5 2.Nf3 d6 3.d4 cxd4 4.Nxd4 Nf6 5.Nc3 a6 6.Be3 e5 7.Nf3 Be6 8.Ng5 b5
9.Nxe6 fxe6 10.g3 b4 11.Na4 Nc6 12.Bh3 Kf7 13.O-O Be7 14.c3 d5 15.exd5 exd5
16.Bb6 Qd6 17.Bc5 Qc7 18.Rc1 bxc3 19.Rxc3 Nd8 20.Bb6 Qd6 21.Bc7 Qb4 22.Bxe5 Qb5
23.Rc7  1-0

[Event "9th YM Open"]
[Site "Lausanne SUI"]
[Date "2008.09.20"]
[Round "2"]
[White "Guliyev,N"]
[Black "Pahud,C"]
[Result "1-0"]
[WhiteElo "2510"]
[BlackElo "2113"]

1.e4 c5 2.Nf3 d6 3.d4 cxd4 4.Nxd4 Nf6 5.Nc3 a6 6.Be3 e5 7.Nf3 Qc7 8.a4 Be7
9.a5 Nbd7 10.Nd2 b5 11.axb6 Nxb6 12.Bxb6 Qxb6 13.Bb5+ Bd7 14.Nc4 Qc5 15.Bxd7+ Nxd7
16.Qd3 Nf6 17.O-O O-O 18.Ra5 Qc6 19.Rfa1 Bd8 20.Nd5 Kh8 21.Nxf6 Bxa5 22.Nxa5 Qb6
23.Nc4 Qd4 24.Nd5 f5 25.exf5 Qxd3 26.cxd3 Rxf5 27.Nxd6 Rff8 28.b4 g6 29.h3 Kg7
30.Nc7 Rad8 31.Ne6+ Kg8 32.Nxd8 Rxd8 33.Rxa6  1-0

[Event "5th Highlands Open A"]
[Site "Zdar nad Sazavou CZE"]
[Date "2008.09.20"]
[Round "1"]
[White "Talla,V"]
[Black "Cuhra,M"]
[Result "1/2-1/2"]
[WhiteElo "2407"]
[BlackElo "2143"]

1.e4 c5 2.Nf3 d6 3.d4 cxd4 4.Nxd4 Nf6 5.Nc3 a6 6.Be3 e5 7.Nb3 Be7 8.f3 Qc7
9.g4 Be6 10.g5 Nh5 11.Nd5 Bxd5 12.Qxd5 Nd7 13.Qd2 O-O 14.O-O-O b5 15.Kb1 Rfc8
16.Bh3 a5 17.Bxd7 Qxd7 18.Nxa5 b4 19.Nb3 Qa4 20.Nc1 Nf4 21.Bxf4 exf4 22.h4 b3
23.cxb3 Rxc1+ 24.Rxc1 Qxa2+ 25.Kc2 Rc8+ 26.Kd1 Rxc1+ 27.Qxc1 Qxb3+ 28.Ke2 d5
29.Qxf4 Qxb2+ 30.Qd2 Qb5+ 31.Kf2 dxe4 32.fxe4 Qe5 33.Qd3 Bc5+ 34.Kg2 Qf4
35.Rb1 g6 36.Rb5 Qg4+ 37.Kf1 Bf8 38.Rb7 Qf4+ 39.Ke2 Qxh4 40.Qf3 Qh2+ 41.Ke3 Qa2  1/2-1/2

[Event "Chess City 10th Ann Open"]
[Site "Elista RUS"]
[Date "2008.09.21"]
[Round "7"]
[White "Litvak,M"]
[Black "Nyudleev,D"]
[Result "1-0"]
[WhiteElo "2277"]
[BlackElo "2409"]

1.e4 c5 2.Nf3 d6 3.d4 Nf6 4.Nc3 cxd4 5.Nxd4 a6 6.Be3 b5 7.a3 e5 8.Nb3 Be6
9.Be2 Be7 10.O-O O-O 11.f4 exf4 12.Bxf4 Nc6 13.Nd4 Nxd4 14.Qxd4 Rc8 15.Kh1 d5
16.e5 Nd7 17.Nxd5 Bxd5 18.Qxd5 Rxc2 19.Bd3 Rc8 20.Bf5 Nc5 21.Qf3 Ne6 22.Qh3 g6
23.Bxe6 fxe6 24.Qxe6+ Kg7 25.Rfd1 Qe8 26.Rd7 Rf7 27.Bg5 Bxg5 28.Rxf7+ Qxf7
29.Qxc8 Qf2 30.Rd1 Be7 31.Qe6 Qf8 32.Qxa6 h5 33.Qxb5 h4 34.Rf1 Qc8 35.Qd5 h3
36.Qf7+ Kh6 37.gxh3 Qxh3 38.Qf3 Qe6 39.Kg2 Bg5 40.Qh3+  1-0

[Event "5th Highlands Open A"]
[Site "Zdar nad Sazavou CZE"]
[Date "2008.09.21"]
[Round "2"]
[White "Blazkova,P"]
[Black "Vlasak,Lu"]
[Result "1-0"]
[WhiteElo "2241"]
[BlackElo "2136"]

1.e4 c5 2.Nf3 d6 3.d4 cxd4 4.Nxd4 Nf6 5.Nc3 a6 6.Be3 e6 7.g4 h6 8.Bg2 Qc7
9.h3 Nc6 10.Qe2 Bd7 11.O-O-O O-O-O 12.f4 Kb8 13.Qf2 Nxd4 14.Bxd4 Rc8 15.e5 Ne8
16.Bb6 Qc4 17.Rd4  1-0

[Event "EYg14"]
[Site "Herceg Novi MNE"]
[Date "2008.09.22"]
[Round "7"]
[White "Kokossis,D"]
[Black "Kessler,Mi"]
[Result "0-1"]
[WhiteElo "1765"]
[BlackElo "1835"]

1.e4 c5 2.Nf3 d6 3.d4 cxd4 4.Nxd4 Nf6 5.Nc3 a6 6.Be3 e5 7.Nf3 Be7 8.Bc4 O-O
9.O-O Be6 10.Bb3 Nc6 11.Bg5 Nd7 12.Bxe7 Qxe7 13.Nd5 Qd8 14.c3 Na5 15.Bc2 Rc8
16.Nd2 b5 17.a4 Bxd5 18.exd5 Nc4 19.axb5 axb5 20.Nxc4 bxc4 21.Re1 f5 22.Re3 g6
23.Rh3 Nf6 24.Ba4 Qb6 25.Qc1 Rb8 26.Rb1 Nxd5 27.Qh6 Qc7 28.Bc6 Nf6 29.Ba4 Qa7
30.Bc2 Rb7 31.Qd2 Qb8 32.Ba4 Qc7 33.b3  0-1

[Event "EYg12"]
[Site "Herceg Novi MNE"]
[Date "2008.09.22"]
[Round "7"]
[White "Osmanodja,F"]
[Black "Navrotescu,A"]
[Result "1-0"]
[WhiteElo "1936"]
[BlackElo "1740"]

1.e4 c5 2.Nf3 d6 3.d4 cxd4 4.Nxd4 Nf6 5.Nc3 a6 6.Be3 e6 7.Be2 b5 8.Bf3 b4
9.e5 d5 10.exf6 bxc3 11.fxg7 Bxg7 12.bxc3 Qc7 13.Qd2 Bb7 14.O-O Nc6 15.Rfe1 Be5
16.h3 Na5 17.Bg5 Nc4 18.Qe2 O-O 19.Bh5 Kh8 20.Qf3 Bg7 21.Bf6 Rg8 22.Bxg7+ Rxg7
23.Qf6 Qd8 24.Qxd8+ Rxd8 25.Rab1 Ba8 26.Bg4 Rdg8 27.g3 Rc8 28.Rb3 Rgg8 29.Kh2 Nd2
30.Ra3 Ne4 31.Rxa6 Nxf2 32.Bh5 Rcf8 33.Re3 Ne4 34.Ra7 e5 35.Nf5 f6 36.Bf7 Rg5
37.g4 Nd2 38.Rd3 Ne4 39.Bxd5 Bxd5 40.Rxd5 Nxc3 41.Rdd7 Rg6 42.Rxh7+ Kg8 43.Nh6+ Rxh6
44.Rag7+  1-0

[Event "EYg12"]
[Site "Herceg Novi MNE"]
[Date "2008.09.24"]
[Round "9"]
[White "Akopova,A"]
[Black "Navrotescu,A"]
[Result "1-0"]
[WhiteElo "1858"]
[BlackElo "1740"]

1.e4 c5 2.Nf3 d6 3.d4 cxd4 4.Nxd4 Nf6 5.Nc3 a6 6.Be3 e6 7.f3 Nbd7 8.Qd2 b5
9.O-O-O Bb7 10.g4 h6 11.h4 b4 12.Nce2 d5 13.Bh3 Nc5 14.g5 Nfd7 15.g6 Qe7
16.Nf4 O-O-O 17.gxf7 Qxf7 18.Nfxe6 Re8 19.Nxc5 Bxc5 20.Nf5 Bf8 21.Bf4 g6
22.Nd6+ Bxd6 23.Bxd6 a5 24.Qd4 Kd8 25.e5 Re6 26.Bxe6 Qxe6 27.Qa7 Kc8 28.Qxa5 Nb6
29.Qxb6 Qf7 30.e6  1-0

[Event "Zvenigorodskaya Open A"]
[Site "Zvenigorod RUS"]
[Date "2008.09.26"]
[Round "2"]
[White "Onoprienko,V"]
[Black "Lavrik,D"]
[Result "0-1"]
[WhiteElo "2309"]
[BlackElo "2387"]

1.e4 c5 2.Nf3 d6 3.d4 cxd4 4.Nxd4 Nf6 5.Nc3 a6 6.Be3 e6 7.Be2 Nbd7 8.f4 b5
9.Bf3 Bb7 10.e5 Bxf3 11.Qxf3 dxe5 12.Nc6 Qc7 13.fxe5 Rc8 14.exf6 Qxc6 15.fxg7 Bxg7
16.O-O Qxf3 17.Rxf3 Bxc3 18.bxc3 Rxc3 19.Bd4 Rxf3 20.gxf3 Rg8+ 21.Kf2 Ke7  0-1

[Event "ch-Commonwealth"]
[Site "Nagpur IND"]
[Date "2008.09.28"]
[Round "1"]
[White "Prajapati,M"]
[Black "Ophoff,J"]
[Result "0-1"]
[WhiteElo "1598"]
[BlackElo "2275"]

1.e4 c5 2.Nf3 d6 3.d4 cxd4 4.Nxd4 Nf6 5.Nc3 a6 6.Be3 e5 7.Nb3 Be6 8.f3 Be7
9.Qd2 O-O 10.g4 d5 11.exd5 Nxd5 12.O-O-O Nxe3 13.Qxe3 Bg5 14.Rxd8 Bxe3+ 15.Rd2 Rd8
16.Bd3 Nc6 17.Kb1 Bxd2 18.Nxd2 Nb4 19.h4 Nxd3 20.cxd3 Rxd3 21.Kc2 Rad8 22.Rd1 f5
23.g5 e4 24.fxe4 fxe4 25.Ncxe4 Bf5 26.Re1 Rxd2+ 27.Kc1 Bxe4 28.Rxe4 Rh2 29.a3 Kf7
30.Rb4 Rd7 31.a4 Kg6 32.a5 Kh5 33.b3 Rf7 34.Rd4 Rf1+ 35.Rd1 Rxd1+ 36.Kxd1 Kxh4
37.b4 Kxg5 38.b5 axb5 39.a6 bxa6 40.Ke1 Kf4 41.Kf1 Ke3 42.Kg1 Ra2 43.Kh1 Kf3
44.Kg1 h6 45.Kh1 Kg3 46.Kg1 Ra1+  0-1

[Event "Zvenigorodskaya Open A"]
[Site "Zvenigorod RUS"]
[Date "2008.09.28"]
[Round "6"]
[White "Turutin,A"]
[Black "Tihonov,J"]
[Result "1/2-1/2"]
[WhiteElo "2321"]
[BlackElo "2470"]

1.e4 c5 2.Nf3 d6 3.d4 cxd4 4.Nxd4 Nf6 5.Nc3 a6 6.Be3 e5 7.Nb3 Be6 8.f3 h5
9.Be2 Nbd7 10.Nd5 Bxd5 11.exd5 g6 12.Qd2 Qc7 13.c4 Bg7 14.Rc1 b6 15.O-O O-O
16.Qc2 Rfe8 17.Nd2 a5 18.Ne4 Nc5 19.b3 Nh7 20.Nc3 f5 21.a3 Nf6 22.h3 Kh7
23.Nb5 Qb8 24.b4 Ncd7 25.Rfd1 Bh6 26.Bxh6 Kxh6 27.Qd2+ Kg7 28.Bd3 Rh8 29.f4 e4
30.Be2 Kf7 31.Rc3 h4 32.Qe1 Ne8 33.Qf2 Qd8 34.Qd4  1/2-1/2

[Event "Podillya It"]
[Site "Khmelnitsky UKR"]
[Date "2008.09.29"]
[Round "4"]
[White "Soltanici,R"]
[Black "Zakhartsov,Vi"]
[Result "0-1"]
[WhiteElo "2421"]
[BlackElo "2556"]

1.e4 c5 2.Nc3 d6 3.Nge2 Nf6 4.d4 cxd4 5.Nxd4 a6 6.Be3 e5 7.Nb3 Be6 8.f3 Be7
9.Qd2 O-O 10.O-O-O Nbd7 11.g4 Qc7 12.Kb1 b5 13.g5 Nh5 14.Nd5 Bxd5 15.exd5 Nb6
16.Na5 Nxd5 17.Qxd5 Qxa5 18.c4 Rab8 19.cxb5 axb5 20.Rc1 Qb4 21.Rg1 Nf4 22.Qe4 Qxe4+
23.fxe4 d5 24.Bxf4 exf4 25.exd5 Rfd8 26.Rd1 b4 27.Bc4 g6 28.h4 Kg7 29.Be2 Bc5
30.Rgf1 Re8 31.Bg4 Bd6 32.Rc1 Rbd8 33.Rc6 Re3 34.Bf3 h6 35.gxh6+ Kxh6 36.Rb6 Kg7
37.Rb7 Kf6 38.Kc2 Rh8 39.Rd7 Be5 40.h5 b3+ 41.Kb1 bxa2+ 42.Kxa2 Ra8+ 43.Kb1 Rb8
44.Rf2 Rxb2+ 45.Rxb2 Bxb2 46.Kxb2 Rxf3 47.Rd6+ Kg5 48.hxg6 fxg6 49.Kc2 Re3
50.Kd2 Re5 51.Rd8 Kg4 52.d6 g5 53.d7 Re7  0-1

[Event "Podillya It"]
[Site "Khmelnitsky UKR"]
[Date "2008.10.01"]
[Round "8"]
[White "Zherebukh,Y"]
[Black "Nyzhnyk,I"]
[Result "1/2-1/2"]
[WhiteElo "2432"]
[BlackElo "2428"]

1.e4 c5 2.Nf3 d6 3.d4 cxd4 4.Nxd4 Nf6 5.Nc3 a6 6.Be3 e5 7.Nb3 Be6 8.f3 h5
9.Qd2 Nbd7 10.O-O-O Rc8 11.Kb1 Be7 12.Bd3 Qc7 13.h3 h4 14.f4 b5 15.Rhe1 Bc4
16.Qf2 b4 17.Nd5 Nxd5 18.exd5 Bxd3 19.Rxd3 O-O 20.fxe5 Nxe5 21.Rdd1 Bf6 22.Bb6 Qc4
23.Nd4 Nd7 24.Nc6 Rfe8 25.Bd4 Qxd5 26.Na7 Rxe1 27.Qxe1 Rxc2 28.Kxc2 Bxd4
29.Qe8+ Nf8 30.Nc6 b3+ 31.axb3 Qxg2+ 32.Rd2 Qg6+ 33.Rd3 Qg2+ 34.Rd2 Qg6+
35.Rd3 Qg2+ 36.Rd2 Qg6+ 37.Rd3  1/2-1/2

[Event "Tatry Open"]
[Site "Tatranske Zruby SVK"]
[Date "2008.10.01"]
[Round "6"]
[White "Valenta,V jr"]
[Black "Moranda,W"]
[Result "0-1"]
[WhiteElo "2211"]
[BlackElo "2533"]

1.e4 c5 2.Nf3 d6 3.d4 cxd4 4.Nxd4 Nf6 5.Nc3 a6 6.Be3 e6 7.Be2 Qc7 8.O-O b5
9.f3 Nbd7 10.Nb3 Bb7 11.Rc1 Be7 12.a3 O-O 13.Qe1 Rac8 14.Qf2 d5 15.exd5 Nxd5
16.Nxd5 Bxd5 17.Nd2 Ne5 18.Bd4 Bd6 19.g3 f5 20.f4 Ng4 21.Bxg4 fxg4 22.Qe2 h5
23.c4 bxc4 24.Ne4 Be7 25.Nc3 Bc5 26.Qe3 Bxd4 27.Qxd4 Bb7 28.Rfe1 Qc6 29.Qe4 Qb6+
30.Qe3 Qxb2 31.Re2 Qxa3 32.Rb1 Qe7 33.Qb6 Bc6 34.Re5 Qa3 35.Qe3 Rb8 36.Rc1 Qb2
37.Ne2 Bf3 38.Re1 Rb3 39.Qf2 Qd2 40.Rxe6 c3 41.Kf1 Rb2 42.Re7 Bxe2+ 43.R7xe2 Qd5
44.Kg1 Rxe2 45.Qxe2 Qc5+ 46.Kh1 Qc6+ 47.Kg1 c2  0-1

[Event "ch-Commonwealth"]
[Site "Nagpur IND"]
[Date "2008.10.02"]
[Round "6"]
[White "Shyam,SM"]
[Black "Darpan,I"]
[Result "1-0"]
[WhiteElo "2312"]
[BlackElo "1925"]

1.e4 c5 2.Nf3 d6 3.d4 cxd4 4.Nxd4 Nf6 5.Nc3 a6 6.Be3 e5 7.Nb3 Be6 8.Nd5 Nbd7
9.f3 Be7 10.c4 Bxd5 11.cxd5 b6 12.Bd3 Nc5 13.Bc2 Nxb3 14.Bxb3 Nd7 15.O-O O-O
16.Qd2 Qb8 17.Rac1 Qb7 18.Bc4 Rac8 19.Be2 Rxc1 20.Rxc1 Rc8 21.b4 b5 22.Kf1 Bd8
23.f4 Rc7 24.g3 Qc8 25.Rxc7 Qxc7 26.Qc1 Qxc1+ 27.Bxc1 Kf8 28.a4 bxa4 29.Bxa6 f6
30.Ke2 Nb6 31.Bb5 Kf7 32.Kd3 Bc7 33.fxe5 fxe5 34.Kc2 h6 35.Kb2 Ke7 36.Ka3 Kd8
37.Bxa4 Kc8 38.Bb5 Kb7 39.Kb3 Bd8 40.Kc3 Bc7 41.Kd3 Kc8 42.Ke3 Kd8 43.Kf3 Ke7
44.Kg4 Kf7 45.h4 Bd8 46.Be3 Bc7 47.Kh5 Bd8 48.g4 Bc7 49.g5 hxg5 50.hxg5 g6+
51.Kh6 Bd8 52.Be2 Nc8 53.Bg4 Ne7 54.Be6+ Kf8 55.b5 Bc7 56.Ba7  1-0

[Event "ch-Commonwealth"]
[Site "Nagpur IND"]
[Date "2008.10.02"]
[Round "6"]
[White "Mehta,P"]
[Black "Mas,H"]
[Result "0-1"]
[WhiteElo "2084"]
[BlackElo "2386"]

1.e4 c5 2.Nf3 d6 3.d4 cxd4 4.Nxd4 Nf6 5.Nc3 a6 6.Be3 Ng4 7.Bg5 h6 8.Bh4 g5
9.Bg3 Bg7 10.h3 Ne5 11.Nf5 Bxf5 12.exf5 Nbc6 13.Nd5 O-O 14.c3 e6 15.Ne3 d5
16.fxe6 fxe6 17.Ng4 Qb6 18.Qd2 Rac8 19.Bxe5 Nxe5 20.Nxe5 Bxe5 21.Bd3 d4 22.c4 Bf4
23.Qe2 Qa5+ 24.Kd1 Qa4+ 25.b3 Qc6 26.Re1 Rf6 27.g3 Bc7 28.Be4 Qd6 29.h4 gxh4
30.Qg4+ Kf7 31.Qh5+ Ke7 32.Qxh4 Ba5 33.Re2 d3 34.Re3 Qb4 35.Rxd3 Qe1+ 36.Kc2 Qxa1
37.Bxb7 Qxa2+ 38.Kc1 Rd8 39.Bd5 Qe2 40.Rf3 Bd2+ 41.Kb1 Qd1+ 42.Ka2 Qc2+ 43.Ka3 Bc1+
44.Kb4 Bg5  0-1

[Event "ch-Commonwealth"]
[Site "Nagpur IND"]
[Date "2008.10.03"]
[Round "7"]
[White "Vishnu,P"]
[Black "Shetty,P"]
[Result "0-1"]
[WhiteElo "2341"]
[BlackElo "1887"]

1.e4 c5 2.Nf3 d6 3.d4 cxd4 4.Nxd4 Nf6 5.Nc3 a6 6.Be3 e5 7.Nb3 Be6 8.f3 Be7
9.Qd2 O-O 10.O-O-O Nbd7 11.g4 b5 12.g5 b4 13.Ne2 Ne8 14.Ng3 a5 15.Kb1 a4
16.Nc1 b3 17.cxb3 axb3 18.a3 Qc8 19.h4 Bd8 20.Bh3 Bb6 21.Nxb3 Bxb3 22.Bxb6 Bxd1
23.Rxd1 Qb7 24.Bxd7 Qxb6 25.Nf5 Rd8 26.Bc6 Nc7 27.h5 Ne6 28.Bd5 Nf4 29.g6 Nxd5
30.Qa5 Rb8  0-1

[Event "ch-Commonwealth"]
[Site "Nagpur IND"]
[Date "2008.10.03"]
[Round "8"]
[White "Lobo,Ri2"]
[Black "Dharani,S"]
[Result "1-0"]
[WhiteElo "1979"]
[BlackElo "1745"]

1.e4 c5 2.Nf3 d6 3.d4 cxd4 4.Nxd4 Nf6 5.Nc3 a6 6.Be3 e5 7.Nf3 Be7 8.Bc4 O-O
9.O-O Nc6 10.Qe2 Bg4 11.Rad1 Qc7 12.Bb3 Rac8 13.h3 Bh5 14.Nd5 Nxd5 15.Rxd5 Na5
16.Rd2 Nxb3 17.axb3 Bg6 18.Bg5 Bxg5 19.Nxg5 h6 20.Nf3 Rfd8 21.Rfd1 Qc6 22.Rb1 Bh5
23.g4 Bg6 24.Nh4 b5 25.c3 Rd7 26.Qf3 Re8 27.Rd5 Re6 28.Qd3 Bh7 29.Ng2 Bg6
30.Ne3 f6 31.Rd1 Bf7 32.Nf5 g6 33.Nxd6 Ree7 34.Nxf7 Rxd5 35.exd5 Qd7 36.Nxh6+ Kg7
37.d6 Re8 38.g5 fxg5 39.Qd5 Re6 40.Qxe6 Qxe6 41.d7 Qxb3 42.d8=Q Qxb2 43.Rd7+  1-0

[Event "1st WMSG Blitz Ind"]
[Site "Beijing CHN"]
[Date "2008.10.04"]
[Round "4"]
[White "Balogh,C"]
[Black "Nolte,R"]
[Result "1-0"]
[WhiteElo "2616"]
[BlackElo "2489"]

1.e4 c5 2.Nf3 d6 3.d4 cxd4 4.Nxd4 Nf6 5.Nc3 a6 6.Be3 e6 7.g4 e5 8.Nf5 g6
9.g5 gxf5 10.exf5 d5 11.Qf3 d4 12.O-O-O Nbd7 13.Bc4 Qc7 14.Bxd4 Qxc4 15.Rhe1 Bc5
16.Bxc5 Qxc5 17.gxf6 Nxf6 18.Nd5 Qd6 19.Qg3 Nxd5 20.Rxe5+ Kf8 21.Rdxd5 Qh6+
22.Kb1 Qf6 23.Qd3 Kg7 24.Re3 Rf8 25.Rg3+ Kh8 26.a3 Re8 27.Rd6 Qxf5 28.Qd4+ f6
29.Rxf6 Qe5 30.Qxe5 Rxe5 31.Rf8+  1-0

[Event "1st WMSG Blitz Ind"]
[Site "Beijing CHN"]
[Date "2008.10.04"]
[Round "6"]
[White "Kryvoruchko,Y"]
[Black "Nolte,R"]
[Result "1-0"]
[WhiteElo "2627"]
[BlackElo "2489"]

1.e4 c5 2.Nf3 d6 3.d4 cxd4 4.Nxd4 Nf6 5.Nc3 a6 6.Be3 e6 7.f3 b5 8.Qd2 Bb7
9.g4 Be7 10.h4 Nc6 11.O-O-O Nd7 12.g5 Rc8 13.Nxc6 Bxc6 14.h5 Ne5 15.f4 b4
16.Nd5 Nf3 17.Qf2 exd5 18.exd5 Ba4 19.b3 Bb5 20.Qxf3 Qa5 21.Kb1 Rxc2 22.Bxb5+ axb5
23.Kxc2 Qxa2+ 24.Kd3 O-O 25.Qe2 Qxb3+ 26.Ke4 Re8 27.Kf3 Bf8 28.Qd3 Qc4 29.Qxc4 bxc4
30.Rd4 Rc8 31.Rc1 b3 32.Rdxc4 Rb8 33.Rb1 Rb5 34.Rc3 b2 35.Rc2 Rxd5 36.Rbxb2 h6
37.gxh6 gxh6 38.Rd2 Rxh5 39.Rh2 Ra5 40.Rbg2+ Kh7 41.Ra2 Rb5 42.Ra7 Kg6 43.Rg2+ Kf6
44.Bd4+ Ke6 45.Re2+ Kd5 46.Be3 f5 47.Rf7 Rb8 48.Rxf5+ Ke6 49.Rh5 Kf6 50.Bd4+ Kg6
51.Kg4 Rb4 52.Rd5 Rb1 53.f5+ Kf7 54.Ra2 Rb7 55.Ra7  1-0

[Event "1st WMSG Blitz Ind"]
[Site "Beijing CHN"]
[Date "2008.10.04"]
[Round "8"]
[White "Nolte,R"]
[Black "Aveskulov,V"]
[Result "1-0"]
[WhiteElo "2489"]
[BlackElo "2544"]

1.e4 c5 2.Nf3 d6 3.d4 Nf6 4.Nc3 cxd4 5.Nxd4 a6 6.Be3 e5 7.Nb3 Be6 8.f3 h5
9.Qd2 Nbd7 10.Nd5 Bxd5 11.exd5 Qc7 12.c4 b6 13.Be2 g6 14.O-O Bg7 15.Kh1 a5
16.Rac1 h4 17.Bd3 Nh5 18.Rfe1 a4 19.Na1 Nc5 20.Bb1 Qe7 21.b4 axb3 22.Nxb3 Kf8
23.Qf2 Qf6 24.Nd2 Qe7 25.Ne4 f5 26.Bg5 Qc7 27.Nxc5 Qxc5 28.Qxc5 bxc5 29.Bxh4 Kf7
30.Bf2 Rhb8 31.Kg1 Rb2 32.g3 Ra3 33.Re3 Ra7 34.Rb3 Bh6 35.Rd1 Nf6 36.Kf1 Ra3
37.Bc2 Rbxa2 38.Bb1 Rb2 39.Bd3 Raxb3 40.Be2 e4 41.Kg2 exf3+ 42.Kf1 Nd7 43.Bxf3 Ne5
44.Ra1 Re2 45.Bxe2 Rb6 46.h3 Kf6 47.Ke1 Nf7 48.h4 Ne5 49.Kf1 Nf7 50.Ke1 Ne5
51.Kf1 Nf7 52.Ke1 Bg7 53.Be3 Rb7 54.Ra6 Ke5 55.Bd3 Rb3 56.Kd2 Kf6 57.Kc2 Rb4
58.Bd2 Rb8 59.Bc3+ Ne5 60.Rxd6+ Kf7 61.Ra6 Nxd3 62.Kxd3 Bxc3 63.Kxc3 Rb1
64.Rc6 Rg1 65.Rxc5 Rxg3+ 66.Kd4 Rg4+ 67.Ke5 Re4+ 68.Kd6 f4 69.Rc7+ Kf6 70.Rc8 Kf7
71.c5 f3 72.Rc7+ Kf8 73.Rc8+ Kf7 74.Rc7+ Kf8 75.Rc8+ Kf7 76.Rc7+ Kf8 77.Rc8+ Kf7
78.Rc7+ Kf8 79.Rc8+ Kg7 80.Rc7+ Kf6 81.Rc8 Re7 82.Rf8+ Rf7 83.Ra8 f2 84.Ra1 Kf5
85.c6 Kg4 86.c7 Rf8 87.Ke7 Rh8 88.d6  1-0

[Event "TCh-FIN"]
[Site "Finland FIN"]
[Date "2008.10.04"]
[Round "3"]
[White "Niemi,K"]
[Black "Hartikainen,M"]
[Result "1-0"]
[WhiteElo "2312"]
[BlackElo "2297"]

1.e4 c5 2.Nf3 d6 3.d4 cxd4 4.Nxd4 Nf6 5.Nc3 a6 6.Be3 e5 7.Nb3 Be6 8.Qd2 Be7
9.f3 O-O 10.O-O-O Qc7 11.g4 Rc8 12.g5 Nh5 13.Kb1 Nd7 14.Nd5 Bxd5 15.exd5 b5
16.Bh3 g6 17.Na5 Nf4 18.Bxf4 exf4 19.Bxd7 Qxd7 20.h4 Qf5 21.Rhe1 Bf8 22.Re4 Rc5
23.b4 Rc7 24.Nc6 Rd7 25.Qxf4 Qh3 26.Qg4 Qxg4 27.fxg4 Bg7 28.Rde1 Kf8 29.R1e3 Rc7
30.a4 Rcc8 31.Ka2 Re8 32.Kb3 Rxe4 33.Rxe4 Re8 34.Rxe8+ Kxe8 35.a5 Kd7 36.c4 bxc4+
37.Kxc4 Kc7 38.b5 axb5+ 39.Kxb5 Bc3 40.a6 f5 41.gxf5 gxf5 42.Kc4 Bd2 43.Kd3 Bc1
44.Nd4 f4 45.Nb5+ Kb6 46.a7 Kb7 47.Ke4 Ka8 48.Kf3 Bd2 49.h5 Bc1 50.g6 hxg6
51.hxg6  1-0

[Event "TCh-FIN"]
[Site "Finland FIN"]
[Date "2008.10.05"]
[Round "4"]
[White "Nyysti,S"]
[Black "Martynov,Al"]
[Result "1/2-1/2"]
[WhiteElo "2359"]
[BlackElo "2326"]

1.e4 c5 2.Nf3 d6 3.d4 cxd4 4.Nxd4 Nf6 5.Nc3 a6 6.Be3 e5 7.Nb3 Be6 8.Qd2 Be7
9.f3 Nbd7 10.O-O-O h5 11.Kb1 b5 12.Nd5 Bxd5 13.exd5 Nb6 14.Bxb6 Qxb6 15.Na5 Rc8
16.Nc6 Nxd5 17.Nxe7 Nxe7 18.Qxd6 Qxd6 19.Rxd6 Rc6 20.Rxc6 Nxc6 21.a4 Na7
22.axb5 axb5 23.Bd3 Ke7 24.b3 Rb8 25.Kb2 g6 26.Ra1 Nc8 27.Be4 Rb6 28.Kc3 f5
29.Bd3 Ke6 30.Kb4 Nd6 31.Kc5 Rb8 32.Ra6 Rc8+ 33.Kb4 Ke7 34.c4 bxc4 35.bxc4 e4
36.c5 Nb7 37.Ra7 exd3 38.Rxb7+ Ke8 39.Kc4 d2 40.Rb1 Rd8 41.Rd1 Ke7 42.h4 Rd7
43.c6 Rd6 44.Kc5 Rd3  1/2-1/2

[Event "ch-Commonwealth"]
[Site "Nagpur IND"]
[Date "2008.10.05"]
[Round "10"]
[White "Sethuraman,S"]
[Black "Priyadharshan,K"]
[Result "0-1"]
[WhiteElo "2425"]
[BlackElo "2297"]

1.e4 c5 2.Nf3 d6 3.d4 cxd4 4.Nxd4 Nf6 5.Nc3 a6 6.Be3 e5 7.Nb3 Be6 8.Qd2 Nbd7
9.O-O-O Be7 10.f4 Rc8 11.f5 Bc4 12.Bxc4 Rxc4 13.Qd3 b5 14.Kb1 Qc7 15.Nd2 Nc5
16.Bxc5 Rxc5 17.Nb3 Rc4 18.Nd2 Rc5 19.g4 h6 20.Rhg1 b4 21.Nd5 Nxd5 22.exd5 O-O
23.Ne4 Rc4 24.b3 Rd4 25.Qe2 Rxd1+ 26.Qxd1 Rc8 27.Qd3 a5 28.Rf1 Qd8 29.Qd2 Bg5
30.Qe1 Bh4 31.Qe2 Be7 32.Qg2 Bf6 33.Rg1 Bg5 34.Qe2 Qb6 35.Rf1 a4 36.Qf2 Qxf2
37.Rxf2 Be7 38.Kb2 a3+ 39.Kb1 Kf8 40.c3 bxc3 41.Kc2 Bh4 42.Re2 Ke7 43.Nxc3 h5
44.h3 Kd7 45.Kd3 Bd8 46.Rc2 Ba5 47.Ne4 Rb8 48.Rc6 Bc7 49.Kc4 hxg4 50.hxg4 Rh8
51.Kb4 Rh4 52.Rc4 Rh3 53.Kxa3 Rd3 54.Nc3 Bb6 55.Kb2 Bd4 56.Kc2 Rg3 57.Ne2 Rxg4
58.Nxd4 exd4 59.a4 Rg2+ 60.Kb1 d3 61.a5 Re2 62.a6 Re1+ 63.Rc1 d2  0-1

[Event "ch-Commonwealth"]
[Site "Nagpur IND"]
[Date "2008.10.05"]
[Round "10"]
[White "Das,Arg"]
[Black "Das,Debas"]
[Result "1/2-1/2"]
[WhiteElo "2404"]
[BlackElo "2118"]

1.e4 c5 2.Nf3 d6 3.d4 cxd4 4.Nxd4 Nf6 5.Nc3 a6 6.Be3 e5 7.Nde2 Nc6 8.g3 Ng4
9.Qd2 Be7 10.O-O-O Nxe3 11.Qxe3 Bg5 12.f4 exf4 13.gxf4 Bh6 14.Kb1 O-O 15.Qg3 f6
16.Rg1 Kh8 17.Bh3 Rf7 18.Bxc8 Rxc8 19.Nd4 Nxd4 20.Rxd4 Qc7 21.Rgd1 f5 22.Qd3 fxe4
23.Rxe4 Rcf8 24.Nd5 Qc5 25.Rde1  1/2-1/2

[Event "Chigorin Memorial"]
[Site "St Petersburg RUS"]
[Date "2008.10.05"]
[Round "2"]
[White "Androsov,S"]
[Black "Bronnikova,E"]
[Result "0-1"]
[WhiteElo "2078"]
[BlackElo "2293"]

1.e4 c5 2.Nf3 d6 3.d4 cxd4 4.Nxd4 Nf6 5.Nc3 a6 6.Be3 e6 7.Be2 Be7 8.O-O Nc6
9.f4 Qc7 10.Qe1 O-O 11.Qf2 Bd7 12.Nb3 b5 13.a3 Bc8 14.Bf3 Bb7 15.Rad1 Rac8
16.Rd2 b4 17.axb4 Nxb4 18.Rfd1 d5 19.Bb6 Qb8 20.Bc5 Bxc5 21.Nxc5 dxe4 22.N3xe4 Nxe4
23.Bxe4 Bxe4 24.Nxe4 Nd5 25.f5 Qxb2 26.Nd6 Rc3 27.Re1 Qb4 28.Ne4 Rc4 29.Ng3 a5
30.Rd3 Rxc2 31.Qxc2 Qxe1+ 32.Nf1 Nb4  0-1

[Event "Chigorin Memorial"]
[Site "St Petersburg RUS"]
[Date "2008.10.05"]
[Round "3"]
[White "Massironi,M"]
[Black "Biriukov,O"]
[Result "0-1"]
[WhiteElo "2169"]
[BlackElo "2374"]

1.e4 c5 2.Nf3 d6 3.d4 cxd4 4.Nxd4 Nf6 5.Nc3 a6 6.Be3 Ng4 7.Bc1 Nf6 8.Be3 Ng4
9.Bc1 Nc6 10.Be2 Nf6 11.Be3 e6 12.f4 Be7 13.Qd2 Qc7 14.g4 b5 15.g5 Nd7 16.Nxc6 Qxc6
17.Bd4 b4 18.Nd5 exd5 19.Bxg7 dxe4 20.Bxh8 e3 21.Qxe3 Qxh1+ 22.Kd2 Qxa1 23.Bf3 Qxa2
24.Bxa8 Qe6 25.Qd3 Nb6 26.Bc6+ Bd7 27.Be4 d5 28.Bxh7 Nc4+ 29.Kd1 Qg4+ 30.Qe2 Qg1+  0-1